Informe 01-2017, políticas públicas para combatir la pobreza en España (Registro nro. 49093)
[ vista simple ]
| 000 -CABECERA | |
|---|---|
| Longitud fija campo de control | 01122nam a2200301 i 4500 |
| 001 - NÚMERO DE CONTROL | |
| Número de control | 49093 |
| 003 - IDENTIFICADOR DE NÚMERO DE CONTROL | |
| Identificador del número de control | ES-MaCES |
| 005 - FECHA Y HORA DE LA ÚLTIMA TRANSACCIÓN | |
| Fecha y hora de la última transacción | 20210721182332.0 |
| 007 - PHYSICAL DESCRIPTION FIXED FIELD--GENERAL INFORMAT | |
| Campo fijo de descripción física | cr ||||||||||| |
| 008 - CAMPO FIJO DE DESCRIPCIÓN FIJA--INFORMACIÓN GENERAL | |
| Códigos de información de longitud fija | 170221s2017 ssp |||| |||| o0|||| spa| |
| 040 ## - FUENTE DE CATALOGACIÓN | |
| Centro catalogador de origen | ES-MaCES |
| Lengua de catalogación | spa |
| Centro transcriptor | ES-MaCES |
| 245 00 - MENCIÓN DE TÍTULO | |
| Título | Informe 01-2017, políticas públicas para combatir la pobreza en España |
| 300 ## - DESCRIPCIÓN FÍSICA | |
| Extensión | 192, [1] p. (832 kb) |
| 593 ## - CES. DATOS DICTAMEN | |
| Comisión de trabajo | Relaciones Laborales, Empleo y Seguridad Social |
| Identificador | I-001-2017 |
| Fecha dictamen | 20170125 |
| Tipo trámite | Ordinaria |
| Tipo sesión | Pleno ordinario |
| Votos aprobados | Presentes (47) : (45) sí, (0) no, (2) abst. |
| 650 #4 - ASIENTO SECUNDARIO DE MATERIA--TÉRMINO DE MATERIA | |
| Término de materia o nombre geográfico como elemento inicial | pobreza |
| 9 (RLIN) | 27112 |
| 650 #4 - ASIENTO SECUNDARIO DE MATERIA--TÉRMINO DE MATERIA | |
| Término de materia o nombre geográfico como elemento inicial | lucha contra la pobreza |
| 9 (RLIN) | 30648 |
| 650 #4 - ASIENTO SECUNDARIO DE MATERIA--TÉRMINO DE MATERIA | |
| Término de materia o nombre geográfico como elemento inicial | integración social |
| 9 (RLIN) | 27283 |
| 650 #4 - ASIENTO SECUNDARIO DE MATERIA--TÉRMINO DE MATERIA | |
| Término de materia o nombre geográfico como elemento inicial | política gubernamental |
| 9 (RLIN) | 27211 |
| 650 #4 - ASIENTO SECUNDARIO DE MATERIA--TÉRMINO DE MATERIA | |
| Término de materia o nombre geográfico como elemento inicial | protección social |
| 9 (RLIN) | 29076 |
| 650 #4 - ASIENTO SECUNDARIO DE MATERIA--TÉRMINO DE MATERIA | |
| Término de materia o nombre geográfico como elemento inicial | asistencia social |
| 9 (RLIN) | 29003 |
| 650 #4 - ASIENTO SECUNDARIO DE MATERIA--TÉRMINO DE MATERIA | |
| Término de materia o nombre geográfico como elemento inicial | España |
| 9 (RLIN) | 26964 |
| 653 10 - TÉRMINO DE INDEXACIÓN--NO CONTROLADO | |
| Término no controlado | Asuntos Sociales |
| 700 1# - ENCABEZAMIENTO SECUNDARIO--NOMBRE PERSONAL | |
| 9 (RLIN) | 11755 |
| Nombre de persona | Fernández Alen, Pedro C. |
| Término indicativo de función | ponente |
| 710 2# - ENCABEZAMIENTO SECUNDARIO--NOMBRE CORPORATIVO | |
| 9 (RLIN) | 2408 |
| Nombre de entidad o nombre de jurisdicción como elemento inicial | Consejo Económico y Social (España) |
| Término indicativo de función | solicitante |
| 856 4# - ACCESO ELECTRÓNICO | |
| Identificador Uniforme del Recurso (URI) | <a href="http://www.ces.es/documents/INF/2017/01">http://www.ces.es/documents/INF/2017/01</a> |
| Texto del enlace | texto completo |
| 902 ## - CES. TIPO DE DOCUMENTO | |
| Tipodoc (006$c Sirtex) | Informe CES |
| 942 ## - ELEMENTOS KOHA | |
| Fuente de clasificaión o esquema | Clasificación propia del CES |
| Koha [por defecto] tipo de item | Dictámenes/Informes/Memorias CES |
| Parte de clasificación | Asuntos Sociales |
No hay ítems disponibles.
